Statistics for Capitals of possible countries

Click here to take the quiz!

General Stats

  • This quiz has been taken 60 times
  • The average score is 11 of 22

Answer Stats

CountryPossible CountryCapital% Correct
SpainCataloniaBarcelona
95%
UKNorthern IrelandBelfast
93%
UKWalesCardiff
91%
UKScotlandEdinburgh
91%
UKEnglandLondon
91%
ChinaHong KongHong Kong
89%
GermanyBavariaMunich
84%
CanadaQuebecQuebec City
79%
ChinaMacaoMacao
73%
DenmarkGreenlandNuuk
70%
ChinaTibetLhasa
61%
IsraelPalestineRamallah
45%
CyprusNorthern CyprusNorth Nicosia
38%
DenmarkFaroe IslandsTorshavn
27%
IraqKurdistanErbil
25%
China/ India/ PakistanJammu and KashmirJammu/ Srinagar
21%
MoldovaTransnistriaTiraspol
18%
SomaliaSomalilandHargeisa
16%
Georgia/ RussiaAbkhaziaSukhumi
16%
Georgia/ RussiaSouth OssetiaTskhinvali
11%
SomaliaPuntlandGaroowe
7%
MoroccoWestern SaharaTifariti
5%

Score Distribution

Percentile by Number Answered

Percent of People with Each Score

Your Score History

You have not taken this quiz